Student's guide to success

Bibliographic Details
Main Authors: Cassie, W. Fisher [ (William Fisher)] , 1905-1985 (Author), Constantine, T. (Author)
Format: Book
Published: London : Macmillan , 1977
Subjects:

MARC

LEADER 00000cam a2200000 7i4500
001 0000003226
005 20161027093000.0
008 021118n
020 |a 0333232771 
090 0 0 |a LB3605   |b .C3 
100 0 |a Cassie, W. Fisher [  |q (William Fisher)] ,   |d 1905-1985 ,   |e author 
245 0 0 |a Student's guide to success   |c W. Fisher Cassie, T. Constantine 
260 2 |a London :   |b Macmillan ,   |c 1977 
300 |a 170 p. ; ;   |c 23 cm. 
501 |a Includes index 
650 0 |a College students   |x Conduct of life 
650 0 |a Success 
700 0 |a Constantine, T. ,   |e author 
999 |a 1000029650   |b Book   |c OPEN SHELF (30 DAYS)   |e Gong Badak Campus